| 000 | 00506cam a2200205ua 4500 | ||
|---|---|---|---|
| 001 | 8202 | ||
| 005 | 20260515114314.0 | ||
| 008 | 150110n ii |||gr||||Z||||||hin | ||
| 040 | _cMAIN | ||
| 041 | _ahin | ||
| 082 | _a891.431 | ||
| 100 |
_aRai, L., _eAuthor. |
||
| 245 | 1 |
_aHindi ki pragatishil kavita _cBy Lallan Rai |
|
| 250 | _a1st. | ||
| 260 |
_aChandigarh: _bSahity akademi, _c1989. |
||
| 300 | _a235p. | ||
| 653 | _aEast Indo-European & Celtic literatures | ||
| 653 | _aHindi poems | ||
| 942 | _cBK | ||
| 999 |
_c7312 _d7312 |
||